Clavé, demòcrata i federalista : la Primera República / Manuel Risques la Primera República / Manuel Risques
Descripción Física:
63 p. : il. ; 20 x 21 cm
Colección:
Biblioteca de la classe ; 26
MARC
| LEADER | 00000nam a2200000Ia 4500 | ||
|---|---|---|---|
| 001 | 7602 | ||
| 008 | 160829s1987 xx 000 0 cat d | ||
| 080 | |a H-1-196 | ||
| 100 | |a Risques Corbella, Manel |9 37677 | ||
| 245 | |a Clavé, demòcrata i federalista : |b la Primera República / Manuel Risques | ||
| 260 | |a Barcelona : |b Graó : |b Diputació de Barcelona. Servei d'Ensenyament i Investigació, |c 1987 | ||
| 300 | |a 63 p. : |b il. ; |c 20 x 21 cm | ||
| 490 | |a Biblioteca de la classe ; 26 | ||
| 650 | |a Espanya |x Història |x 1873/1874, Primera República |9 25475 | ||
| 710 | 1 | |a Barcelona (Catalunya : Província). |b Servei d'Ensenyament i Investigació |9 54366 | |
| 901 | |a Arxiu | ||
| 942 | |n 1 | ||
| 952 | |0 0 |1 0 |4 0 |6 H1196 |7 1 |9 43633 |a Arxiu |b Arxiu |d 2016-12-01 |l 0 |o H-1-196 |p 7602 |r 2016-12-01 00:00:00 |w 2016-12-01 |y ARXIU | ||
| 999 | |c 46181 |d 46181 | ||